| 000 | 00808nam a22002417a 4500 | ||
|---|---|---|---|
| 003 | BD-DhJNU | ||
| 005 | 20250227071122.0 | ||
| 008 | 250227b |||||||| |||| 00| 0 eng d | ||
| 020 | _a9789042038318 | ||
| 040 |
_aBD-DhJNU _bENG _cBD-DhJNU _dBD-DhJNU |
||
| 082 |
_223 _a179.1 MCE |
||
| 100 | _aMcDonald, Hugh P. | ||
| 245 |
_aEnvironmental Philosophy : _ba revaluation of cosmopolitan ethics from an ecocentric standpoint / _cHugh P. McDonald |
||
| 260 |
_aNew York : _bEditions Rodopi, _c2014. |
||
| 300 |
_axiv, 506p. : _bill. ; _c24 cm. |
||
| 490 | _aValue Inquiry Book Series | ||
| 504 | _aIncludes bibliographies and index | ||
| 650 | _aEnvironmental ethics | ||
| 650 | _aEnvironmental Sciences Philosophy | ||
| 650 | _aEnvironmental sciences | ||
| 650 | _aEnvironmentalism | ||
| 942 |
_2ddc _cBK _n0 |
||
| 999 |
_c1408 _d1408 |
||